000 00647cam a22002293a 4500
001 10535
003 PGUSA
005 20140828083226.0
008 031201s2003||||xxu|||||s|||||000 | eng d
040 _aPGUSA
_beng
042 _adc
050 4 _aM
100 1 _aPierpont, James,
_d1822-1893
245 1 0 _aJingle Bells :
_bOr, The One Horse Open Sleigh
_h[electronic resource] /
_cJames Pierpont
260 _bProject Gutenberg,
_c2003
506 _aPublic domain in the USA.
516 _aElectronic text
653 _aChristmas music
830 0 _aProject Gutenberg
_v10535
856 4 0 _uhttp://www.gutenberg.org/ebooks/10535
942 _cEB
999 _c239790
_d239790